header

Brief gestalt therapy (Record no. 55570)

MARC details
000 -LEADER
fixed length control field 01175nam a2200313 a 4500
082 04 - DEWEY DECIMAL CLASSIFICATION NUMBER
Classification number 616.89/143
100 1# - MAIN ENTRY--AUTHOR NAME
Personal name Houston, Gaie,
245 10 - TITLE STATEMENT
Title Brief gestalt therapy
260 ## - PUBLICATION, DISTRIBUTION, ETC. (IMPRINT)
Place of publication London ;
-- Thousand Oaks :
Name of publisher Sage Publications,
Year of publication 2003.
300 ## - PHYSICAL DESCRIPTION
Number of Pages 154 p.
490 1# - SERIES STATEMENT
Series statement Brief therapies series
650 #0 - SUBJECT ADDED ENTRY--TOPICAL TERM
Topical Term Gestalt therapy.
856 40 - ELECTRONIC LOCATION AND ACCESS
Uniform Resource Identifier http://site.ebrary.com/lib/rucke/Doc?id=10080969

No items available.

© 2026 Rongo University
Contact us: librarian | system librarian | Rongo university